Low ammonia boric acid system for preservation of natural rubber latex (Record no. 74364)

MARC details
000 -LEADER
fixed length control field 00367nam a2200121Ia 4500
100 ## - MAIN ENTRY--AUTHOR NAME
Personal name Sandra George
245 #0 - TITLE STATEMENT
Title Low ammonia boric acid system for preservation of natural rubber latex
260 ## - PUBLICATION, DISTRIBUTION, ETC. (IMPRINT)
Name of publisher University of Kerala
Place of publication Trivandrum
Year of publication 2007
500 ## - GENERAL NOTE
General note Course: M.Sc.
700 ## - ADDED ENTRY--PERSONAL NAME
Personal name Dr M Sunny Sebastian
942 ## - ADDED ENTRY ELEMENTS (KOHA)
Koha item type Theses
Holdings
Withdrawn status Lost status Damaged status Not for loan Collection code Home library Current library Shelving location Date acquired Koha item type
      Theses Dissertation RRII Library RRII Library Rubber technology 31/12/2021 Theses